000
00334nam a2200133 a 4500
008
110105s1963|||| d
100
1
_a
Markx, Karol
700
1
_a
Engels, Fridrich
245
1
0
_a
Svätá rodina
_b
a iné raná filozofické spisy
260
_b
VPL
_a
Bratislava
_c
1963
020
_c
11
044
_a
xo
_c
SK
041
_a
slo
999
_c
15482
_d
15482